Statystyki dla Państwa z największym pogłowiem trzody chlewnej na świecie

Kliknij tutaj aby rozwiązać quiz!

Ogólne statystyki

  • Ten quiz został rozwiązany 11 razy
  • Średni wynik to 8 z 10

Statystyki odpowiedzi

#Pogłowie trzody chlewnej w sztukach (mln)% pogłowia światowegoPaństwa% Poprawnych
148951Chiny
100%
2616,3Stany Zjednoczone
100%
7181,9Polska
90%
8151,6Rosja
90%
3333,5Brazylia
80%
6252,6Hiszpania
80%
10151,5Meksyk
80%
5272,8Niemcy
80%
9151,5Francja
70%
4272,8Wietnam
30%

Rozkład punktacji

Percentyl według liczby udzielonych odpowiedzi

Procent ludzi z każdym wynikiem

Twoja historia wyników

Nie rozwiązałeś tego quizu